000 01221nam a22003377a 4500
003 CHAP
005 20220329143348.0
008 081222s2006 co a r 00010 spa d
010 _a95531
011 _a96503
020 _a9586310507
035 _a107157
040 _cCHAP
082 0 4 _a511.3 M34
100 1 _aMarquínez Argote, German.
_971545
245 1 0 _aLógica programada
_c/por German Marquínez Argote y Juan José Sanz Adrados
260 _aSanta Fé de Bogota, Co. :
_bUniversidad Santo Tomas,
_cr2006
300 _a227p. :
_bilus., cuadros, tablas
590 _aBATCH-UPD
_b10
_c20130110
_lUCH01
_h0459
590 _aBATCH-UPD
_b10
_c20130110
_lUCH01
_h2301
590 _aBATCH-UPD
_b10
_c20130410
_lUCH01
_h0137
590 _aBATCH-UPD
_b10
_c20130410
_lUCH01
_h1553
590 _aBATCH-UPD
_b10
_c20130914
_lUCH01
_h1730
590 _aCONVERSION
_b10
_c20130109
_lUCH01
_h1353
650 0 4 _aLógica simbólica y matemática.
_967614
700 1 _aSanz Adrados, Juan José.
_9102576
901 _aBK
942 _cLIBRO
949 _a511.3 M34
_bBC
_cLIBRO
_d33724002068504
_eLIBRO
_gI.c/e
_h110142
_i107157
_si
_t$85.80
949 _a511.3 M34
_bBC
_cLIBRO
_d33724002068545
_eLIBRO
_fc.2
_gI.c/e
_h110143
_i107157
_si
_t$85.80
999 _c95531
_d95531